Formovanie hodnotového rámca spoločnosti v procese globalizácie
Sociálny štát ako prostriedok ekonomickej a politickej stabilizácie a vytvárania nových pracovných miest. Teoretické prístupy k sociálnemu štátu. Sociálny štát v prostredí ekonomickej globalizácie. Riziko súčasnej doby - hodnotová nestabilita. Formovanie hodnotového rámca. Princípy spravodlivosti a...
Saved in:
| Main Author: | |
|---|---|
| Other Authors: | , |
| Format: | Book Chapter |
| Language: | Slovak |
| Subjects: | |
| Tags: |
No Tags, Be the first to tag this record!
|
MARC
| LEADER | 00000naa$a2200000$$$4500 | ||
|---|---|---|---|
| 001 | 0068517 | ||
| 005 | 20240613075551.0 | ||
| 041 | 0 | |a slo | |
| 044 | |a SK | ||
| 245 | 1 | 0 | |a Formovanie hodnotového rámca spoločnosti v procese globalizácie |c Iveta Dudová, Silvia Ošková, Vojtech Stanek |
| 520 | |a Sociálny štát ako prostriedok ekonomickej a politickej stabilizácie a vytvárania nových pracovných miest. Teoretické prístupy k sociálnemu štátu. Sociálny štát v prostredí ekonomickej globalizácie. Riziko súčasnej doby - hodnotová nestabilita. Formovanie hodnotového rámca. Princípy spravodlivosti a solidarity - rozhodujúce princípy sociálnej politiky. Ciele a úlohy sociálnej politiky. Potreba budovania sociálneho štátu na báze pluralizmu. | ||
| 610 | 2 | 0 | |a globalizácia |
| 610 | 2 | 0 | |a rast hospodársky |
| 610 | 2 | 0 | |a politika sociálna |
| 610 | 2 | 0 | |a štát sociálny |
| 610 | 2 | 0 | |a pojmy |
| 100 | 1 | |a Dudová, Iveta | |
| 700 | 1 | |a Ošková, Silvia, 1979- | |
| 700 | 1 | |a Stanek, Vojtech | |